Guns in CS:GO - Statistics

General Stats
  • This quiz has been taken 242 times
  • The average score is 19 of 36
Answer Stats
Gun % Correct
23 AK-47
90%
27 AWP
87%
11 Desert Eagle
77%
21 M4A1-S
73%
22 M4A4
73%
2 USP-S
73%
4 Glock-18
71%
9 Five-SeveN
66%
35 Negev
65%
3 P2000
64%
6 P250
63%
14 MP7
61%
26 AUG
60%
20 FAMAS
60%
12 MP9
59%
17 P90
59%
13 Mac-10
57%
8 Tec-9
57%
30 Nova
55%
19 Galil AR
49%
34 M249
42%
24 SSG 08
42%
16 UMP-45
42%
33 MAG-7
41%
32 Sawed-Off
41%
28 SCAR-20
39%
1 Knife
38%
18 PP-Bizon
38%
10 R8 Revolver
37%
5 Dual Berettas
35%
25 SG 553
34%
31 XM1014
32%
15 MP5-SD
28%
29 G3SG1
26%
7 CZ75-Auto
24%
36 Zeus x27
8%
No matching quizzes found
Score Distribution
Percent of People with Each Score
Percentile by Number Answered
Your Score History
You have not taken this quiz